| 000 | 01403nam0a2200337 i 4500 | ||
|---|---|---|---|
| 001 | RU\NLR\BIBL_A\010724790 | ||
| 005 | 20260406140456.0 | ||
| 010 |
_a5767600791 _96000 |
||
| 021 |
_aRU _b2015-11727 _9713 |
||
| 035 | _a(NILC)RuMoRGB-007873365 | ||
| 035 | _a(NLR Aleph) 010724790 | ||
| 090 |
_a9839134 _c9839134 |
||
| 100 | _a20150410d2014 km y0rusy50 ca | ||
| 101 | 0 | _arus | |
| 102 | _aRU | ||
| 105 | _ac z 000yy | ||
| 200 | 1 |
_aБожьи люди _eмои духовные встречи _fмитр. Вениамин (Федченков) |
|
| 210 |
_aМосква _cОтчий дом _d2014 |
||
| 215 |
_a634, [1] с., [8] л. портр. _d21 |
||
| 225 | 1 | _aДуховный собеседник | |
| 601 | 0 | 2 |
_aРусская православная церковь _xДеятели _z19 - 20 вв. _92553070 _3RU\NLR\AUTH\661510616 |
| 675 | _a271.22 | ||
| 686 | 1 | _aЭ372.24-35-028 | |
| 700 | 0 |
_8rus _7ca _aВениамин _cФедченков, Иван Афанасьевич _cмитрополит _f1880-1961 _3RU\NLR\AUTH\773053 _9113060 |
|
| 801 | 0 |
_aRU _bRuMoRKP _c20130617 _gRCR |
|
| 801 | 2 |
_aRU _bРГБ _c20150220 _grcr |
|
| 942 | _cBOOK | ||
| 980 | _aNBR | ||